Vocabulaire coréen - Jour 6 - Statistiques

Statistiques générales
  • Ce quiz a été pris 3 fois
  • Le résultat moyen est 2 sur 12
Statistiques - réponses
Hint Réponse % Correct
20 스물/스무
67%
30 서른
67%
40 마흔
33%
50
0%
60 예순
0%
70 일흔
0%
80 여든
0%
90 아흔
0%
10,000,000 천만
0%
100,000,000 일억
0%
Gros nombre 다수
0%
Nombre 숫자
0%
Aucun quiz correspondant
Distribution des résultats
% des personnes avec chaque résultat
Percentile par nombre de réponses
Votre historique - résultats
Vous n’avez pas pris ce quiz